Library Logo

Pioneer International University Library Catalogue

SPACE SHUTTLE / (Record no. 9834)

MARC details
000 -LEADER
fixed length control field 00424nam a22001577a 4500
003 - CONTROL NUMBER IDENTIFIER
control field OSt
005 - DATE AND TIME OF LATEST TRANSACTION
control field 20251119120610.0
008 - FIXED-LENGTH DATA ELEMENTS--GENERAL INFORMATION
fixed length control field 251119b |||||||| |||| 00| 0 eng d
020 ## - INTERNATIONAL STANDARD BOOK NUMBER
International Standard Book Number 0831779640
040 ## - CATALOGING SOURCE
Transcribing agency GALLERY BOOKS
050 ## - LIBRARY OF CONGRESS CALL NUMBER
Classification number TL 795.515 .K47 2004
Item number .K47 2004
245 ## - TITLE STATEMENT
Title SPACE SHUTTLE /
Statement of responsibility, etc. KERROD, ROBIN
250 ## - EDITION STATEMENT
Edition statement 1ST EDITION
260 ## - PUBLICATION, DISTRIBUTION, ETC.
Place of publication, distribution, etc. UNITED STATES OF AMERICA:
Name of publisher, distributor, etc. GALLERY BOOKD,
Date of publication, distribution, etc. 2004
942 ## - ADDED ENTRY ELEMENTS (KOHA)
Source of classification or shelving scheme Library of Congress Classification
Koha item type Books
Suppress in OPAC No
Holdings
Withdrawn status Lost status Source of classification or shelving scheme Damaged status Not for loan Home library Current library Date acquired Total checkouts Barcode Date last seen Price effective from Koha item type
    Library of Congress Classification     PIU Library PIU Library 11/19/2025   PIUDL823 11/19/2025 11/19/2025 Books